000 00604nam a2200229Ia 4500
003 OSt
005 20220918202346.0
006 a|||||r|||| 00| 0
007 ta
008 220917b |||||||| |||| 00| 0 eng d
024 _a100,633
037 _cTextual
040 _aARTS
_cARTS
_beng
041 _2eng
_aeng
082 _aV2,1y7N16, N7
245 0 _aMemories of Giani Zail Singh
_b The 7th president of the India
260 _aNew Delhi
_bHar Anand pub
_c1997
300 _a317p.
_ccm.
650 _aHISTORY
942 _hV2,1y7N16, N7
_cTEXL
_2CC
999 _c224161
_d224161